Sports Quiz

Random Sports or NFL Quiz

NFL >3 Regular Season Shutout Teams Quiz Stats

 Plays Quiz not verified by Sporcle

Score 0/5 Timer 02:00
0 Plays Today
Hint Answer % Correct
2000 (4)Cleveland Browns
84.9%
1977 (6)Tampa Bay Buccaneers
76.3%
1976 (5)Tampa Bay Buccaneers
73.8%
1976 (4)San Diego Chargers
60.9%
1971 (4)Buffalo Bills
60.6%

You're not logged in!

Compare scores with friends on all Sporcle quizzes.
OR
Log In

Show Comments

Extras

Top Quizzes Today


Score Distribution

Your Account Isn't Verified!

In order to create a playlist on Sporcle, you need to verify the email address you used during registration. Go to your Sporcle Settings to finish the process.

Report this User

Report this user for behavior that violates our Community Guidelines.

Details: